| 000 | 05648cam a22013454i 4500 | ||
|---|---|---|---|
| 003 | PE-LiUPU | ||
| 005 | 20250813185420.0 | ||
| 008 | 180612s2012 sp a rb 001 0 spa d | ||
| 020 | _a9788415457053 | ||
| 035 | _a(Sirsi) a248875 | ||
| 040 |
_aPE-LiUPU _bspa _cPE-LiUPU _erda |
||
| 049 | _aPRUA | ||
| 082 | 0 | 4 |
_a338.5442 _bV19 _220 |
| 100 | 1 |
_aValderrey Sanz, Pablo, _eautor. |
|
| 245 | 1 | 0 |
_aPredicción económica y empresarial / _cPablo Valderrey Sanz. |
| 264 | 1 |
_aMadrid : _bStarBook, _c2012. |
|
| 300 |
_a220 páginas : _bilustraciones ; _c24 centímetros |
||
| 336 |
_atext _2rdacontent |
||
| 337 |
_aunmediated _2rdamedia |
||
| 338 |
_avolume _2rdacarrier |
||
| 504 | _aÍndice : páginas 217-220. | ||
| 505 | 0 | _aConceptos iniciales en la predicción económica y empresarial. Tendencias -- Predicciones y su tipología -- Concepto de serie temporal. Componentes -- Tendencia de una serie temporal -- SPSS y la tendencia de las series temporales -- Statgraphics y la tendencia de series temporales -- Excel y la tendencia de series temporales -- Componentes estacional y cíclica en series temporales -- Variaciones estacionales en una serie temporal -- Variaciones cíclicas -- SPSS y las variaciones estacionales -- Excel y las variaciones estacionales -- Variaciones cíclicas con SPSS: periodograma y densidad espectral -- Variaciones cíclicas con Statgraphics: periodograma -- Descomposición de una serie en sus componentes -- Predicción económica y empresarial. Métodos autoproyectivos deterministas -- Introducción a los métodos deterministas para la predicción -- Suavizado por medias móviles -- Suavizado exponencial de Brown -- Suavizado lineal de Holt -- Suavizado estacional de Winters -- Métodos autoproyectivos deterministas de predicción con el modelizador de SPSS -- Métodos autoproyectivos deterministas de predicción con Statgraphics Centurion -- Métodos autoproyectivos deterministas de predicción con Statgraphics -- Métodos autoproyectivos deterministas de predicción con Excel -- Predicción económica y empresarial. Métodos autoproyectivos estocásticos -- Introducción a los métodos estocásticos para la predicción -- Metodología de Box-Jenkins -- SPSS y la metodología de Box-Jenkins -- Statgraphics y la metodología de Box-Jenkins -- Statgraphics Centurion y la metodología de Box-Jenkins -- Notas sobre la identificación manual de modelos Arima generales -- Predicción económica y empresarial. Modelos con intervención -- El análisis de la intervención -- Outliers o valores atípicos -- Modelos de intervención con el modelizador automático de SPSS -- Predicción económica y empresarial. Predicciones incondicionales - Introducción -- Peculiaridades de los modelos de regresión con series temporales -- Modelo de regresión lineal múltiple con datos de series temporales -- SPSS y los modelos de regresión lineal -- Excel y los modelos de regresión lineal -- Statgraphics y los modelos de regresión lineal -- Statgraphics Centurion y los modelos de regresión lineal. | |
| 526 | _aP202 | ||
| 526 | _aP201 | ||
| 526 | _aP163 | ||
| 526 | _aP162 | ||
| 526 | _aP161 | ||
| 526 | _aP160 | ||
| 526 | _aP148 | ||
| 526 | _aP147 | ||
| 526 | _aP146 | ||
| 526 | _aP145 | ||
| 526 | _aP144 | ||
| 526 | _aP143 | ||
| 526 | _aP142 | ||
| 526 | _aP141 | ||
| 526 | _aP140 | ||
| 526 | _aP139 | ||
| 526 | _aP138 | ||
| 526 | _aP137 | ||
| 526 | _aP136 | ||
| 526 | _aP135 | ||
| 526 | _aP134 | ||
| 526 | _aP133 | ||
| 526 | _aP129 | ||
| 526 | _aP128 | ||
| 526 | _aP127 | ||
| 526 | _aP120 | ||
| 526 | _aP119 | ||
| 526 | _aP118 | ||
| 526 | _aP116 | ||
| 526 | _aP115 | ||
| 526 | _aP114 | ||
| 526 | _aP110 | ||
| 526 | _aP109 | ||
| 526 | _aP108 | ||
| 526 | _aP104 | ||
| 526 | _aP103 | ||
| 526 | _aP102 | ||
| 526 | _aP99 | ||
| 526 | _aP98 | ||
| 526 | _aP97 | ||
| 526 | _aP96 | ||
| 526 | _aP95 | ||
| 526 | _aP93 | ||
| 526 | _aP90 | ||
| 526 | _aP89 | ||
| 526 | _aP88 | ||
| 526 | _aP83 | ||
| 526 | _aP82 | ||
| 526 | _aP62 | ||
| 526 | _aP59 | ||
| 526 | _aP58 | ||
| 526 | _aP57 | ||
| 526 | _aP51 | ||
| 526 | _aP49 | ||
| 526 | _aP48 | ||
| 526 | _aP47 | ||
| 526 | _aP29 | ||
| 526 | _aP24 | ||
| 526 | _aP20 | ||
| 526 | _aP19 | ||
| 526 | _aP17 | ||
| 526 | _aP15 | ||
| 526 | _aP14 | ||
| 526 | _aP12 | ||
| 526 | _aP10 | ||
| 526 | _aP09 | ||
| 526 | _aP08 | ||
| 526 | _aP07 | ||
| 526 | _aP06 | ||
| 526 | _aP05 | ||
| 526 | _aP04 | ||
| 526 | _aP01 | ||
| 541 | _g001-003587; | ||
| 650 | 0 | 4 |
_aPrevisión económica _xModelos econométricos. |
| 650 | 0 | 4 |
_aPrevisión económica _xModelos matemáticos. |
| 650 | 0 | 4 | _aCrecimiento económico. |
| 650 | 0 | 4 |
_aMacroeconomía. _91174 |
| 650 | 0 | 7 | _aPronóstico de la economía. |
| 650 | 0 | 4 |
_aPrevisión comercial _xProceso de datos _2embne. |
| 650 | 0 | 4 |
_aPrevisión económica _xProceso de datos _2embne. |
| 650 | 0 | 4 |
_aEconomic forecast _xEconometric models. |
| 650 | 0 | 4 |
_aEconomic forecast _xMathematical models. |
| 650 | 0 | 4 | _aEconomic growth. |
| 650 | 0 | 4 | _aMacroeconomy. |
| 650 | 0 | 4 | _aForecast of the economy. |
| 650 | 0 | 4 |
_aBusiness forecast _xProcessing _2embne. |
| 650 | 0 | 4 |
_aEconomic forecast _xProcess data _2embne. |
| 910 |
_adbm _bcsm _ccsm _d20180612 |
||
| 942 |
_2ddc _cBOOK |
||
| 994 |
_aC0 _bPEPRU |
||
| 596 | _a1 | ||
| 999 |
_a338.5442 V19 _wDEWEY _c28494 _i78728 _d28494 _f2021-11-5 _g4 _lCCODEBUL1 _mBUL _p37.93 _q1 _r0 _sY _tBOOK _u2018-6-12 _xFCE _PP04 _0COMPRA _1FCOMPRA _o.STAFF. Colección Ciencias Empresariales |
||
| 980 |
_81 _gALBERTO SANCHEZ Responsable de Automatización |
||